000 02376cam a2200373 i 4500
999 _c62139
_d62139
001 18335655
005 20240722152427.0
008 141015s2015 nyu b 001 0 eng
010 _a 2014027603
020 _a9780415886635 (hardback) X
020 _a9780415886642 (paperback) X
020 _z9780203694480 (ebook) X
040 _aDLC
_beng
_cDLC
_erda
_dDLC
042 _apcc
050 0 0 _aP91.3
_b.F375 2015
080 _a070:378F-41
084 _aSOC052000
_2bisacsh
100 1 _aFernback, Jan,
_d1964-
_922895
245 1 0 _aTeaching communication and media studies :
_bpedagogy and practice /
_cJan Fernback.
264 1 _aNew York :
_bRoutledge, Taylor & Francis Group,
_c2015.
300 _a174 pages ;
_c24 cm
336 _atext
_2rdacontent
337 _aunmediated
_2rdamedia
338 _avolume
_2rdacarrier
504 _aIncludes bibliographical references and index.
520 _a"Designed for communication/media educators and graduate students, Teaching Communication and Media Studies is a practical guide to teaching university courses in communication and media studies. Relying on her extensive experience instructing grad students on the ins and outs of teaching, Jan Fernback discusses conceptual and applied topics central to contemporary mediated communication instruction, offering instructors at all levels strategies they can use to create a successful classroom experience. Fernback also considers the logic, design and delivery of courses in communication and media studies, while encouraging readers to reflect on their own strategic pedagogical decisions. Supplemented with interviews of successful communication instructors and sample exercises, this book is a must-have resource for all those teaching communication and media studies courses, regardless of level of experience"--
_cProvided by publisher.
650 0 _aMass media
_xStudy and teaching (Graduate)
_922896
650 7 _aSOCIAL SCIENCE / Media Studies.
_2bisacsh
_922897
653 _aმასმედია - სწავლა და სწავლება
653 _aსოციალური მეცნიერება / მედია კვლევები
906 _a7
_bcbc
_corignew
_d1
_eecip
_f20
_gy-gencatlg
942 _2udc
_cBK
955 _bxk16 2014-10-15
_ixk16 2014-10-15 ONIX to Dewey
_axn05 2015-04-21 1 copy rec'd., to CIP ver.